| 000 | 01233nam a2200409 i 4500 | ||
|---|---|---|---|
| 999 |
_c782 _d782 |
||
| 001 | 017672560 | ||
| 003 | Uk | ||
| 005 | 20191209151255.0 | ||
| 008 | 121024s2012 enk j 000 1 eng d | ||
| 015 |
_aGBB7C9656 _2bnb |
||
| 016 | 7 |
_a017672560 _2Uk |
|
| 020 |
_a9780857079817 _qset |
||
| 020 |
_a0857079816 _qset |
||
| 020 |
_z9780857075048 _qHush, hush _qpaperback |
||
| 040 |
_aUK-WkNB _beng _cUK-WkNB _dUk _erda |
||
| 042 | _aukblsr | ||
| 082 | _aFIC FIT | ||
| 100 | 1 |
_aFitzpatrick, Becca, _eauthor. |
|
| 240 | 1 | 0 |
_aNovels. _kSelections |
| 245 | 1 | 4 |
_aThe Hush, hush collection / _cBecca Fitzpatrick. |
| 246 | 3 | 0 | _aHush, hush collection |
| 264 | 1 |
_aLondon : _bSimon & Schuster Ltd, _c[2012] |
|
| 300 |
_3v. 1-3 _a3 volumes ; 391 p. ; _c20 cm |
||
| 336 |
_atext _2rdacontent |
||
| 337 |
_aunmediated _2rdamedia |
||
| 338 |
_avolume _2rdacarrier |
||
| 490 |
_aHush hush _vBook 1 |
||
| 500 | _aIn a slipcase (20 x 14 x 9). | ||
| 500 | _aTitle from slipcase. | ||
| 500 | _a"The first three books in the sequence." | ||
| 505 | 0 | _aHush, hush -- Crescendo -- Silence. | |
| 650 | 0 |
_aAngels _vFiction. |
|
| 650 | 0 | _aParanormal fiction. | |
| 650 | 0 |
_aGood and evil _vFiction. |
|
| 650 | 0 | _aRomance fiction. | |
| 942 |
_2ddc _cFIC |
||